Personnages TVDU par images - Statistiques

Statistiques générales
  • Ce quiz a été pris 844 fois
    768 depuis la dernière actualisation
  • Le résultat moyen est 42 sur 100
Statistiques - réponses
Par images Réponse % Correct
Damon Salvatore
100%
Elena Gilbert
100%
Bonnie Bennett
99%
Caroline Forbes
99%
Klaus Mikaelson
99%
Stefan Salvatore
99%
Matt Donovan
97%
Jeremy Gilbert
96%
Tyler Lockwood
94%
Elijah Mikaelson
92%
Enzo St John
92%
Alaric Saltzman
91%
Katherine Pierce
89%
Rebekah Mikaelson
84%
Lexi Branson
83%
Jenna Sommers
82%
Liz Forbes
77%
Vicki Donovan
74%
Kol Mikaelson
72%
Silas
71%
Hayley Marshall
69%
Kai Parker
67%
Jo Laughlin
64%
Anna Zhu
63%
Carol Lockwood
61%
Marcel Gerard
60%
Hope Mikaelson
59%
Rose
57%
Isobel Flemming
56%
Liv Parker
56%
Amara Petrova
54%
Emily Bennett
54%
Sybil
53%
Camille O'Connell
51%
Freya Mikaelson
50%
Tom Avery
50%
Davina Claire
48%
Finn Mikaelson
46%
Mikael Mikaelson
45%
Sheila Bennett
45%
Valerie Tulle
45%
Pearl Zhu
43%
Tatia Petrova
43%
Esther Mikaelson
42%
Lily Salvatore
42%
Nora Hildegard
41%
April Young
40%
Josie Saltzman
40%
Lizzie Saltzman
40%
Luke Parker
38%
Mary-Louise
37%
Cade
33%
Liam Davis
32%
Vincent Griffith
32%
Nadia Petrova
30%
Lucien Castle
29%
Abby Bennett
28%
Aurora de Martel
27%
Josh Rosza
27%
Dahlia Mikaelson
26%
Qetsiyah Bennett
26%
Bill Forbes
25%
Logan Fell
25%
Jackson Kenner
24%
Landon Kirby
24%
Sophie Deveraux
23%
Seline
21%
Ambrose
19%
Andie Star
19%
Kelly Donovan
19%
Tristan de Martel
19%
Inadu Labonair
18%
MG Greasley
18%
Kieran O'Connell
17%
Rafael Waithe
17%
Eva Sinclair
16%
Gia
16%
Monique Deveraux
16%
Sebastian
16%
Aiden
15%
Keelin Malraux
15%
Ken
14%
Rayna Cruz
14%
Aya
13%
Jade
13%
Antoinette Sienna
12%
Ben
12%
Cleo Sowande
12%
Dorian Williams
12%
Genevieve
12%
Kaleb Hawkins
12%
Lucy Bennett
12%
Penelope Park
12%
Ivy
11%
Sofya Voronova
11%
Alyssa Chang
10%
Finch Tarrayo
10%
Ryan Clark
10%
Declan O'Connell
7%
Lynn
7%
Aucun quiz correspondant
Distribution des résultats
% des personnes avec chaque résultat
Percentile par nombre de réponses
Votre historique - résultats
Vous n’avez pas pris ce quiz depuis la dernière actualisation